LEADER 01078nam 2200361 450 001 990001016790203316 035 $a0101679 035 $aUSA010101679 035 $a(ALEPH)000101679USA01 035 $a0101679 100 $a20020305d1970----km-y0itay0103----ba 101 $aita 102 $aIT 105 $a||||||||001yy 200 1 $a<> stemmi nelle scritture dell'Archivio di Stato di Napoli$fLuigi Volpicella 205 $bRist. anast. 210 $aBologna$cForni$d1970 215 $a40 p.$cstemmi$d22 cm 300 $aRipr. facs. dell'ed.: Trani, 1905 410 $12001 606 0 $aFamiglie$xStemmi$yNapoli$xArchivio di Stato 676 $a929.6 700 1$aVOLPICELLA,$bLuigi$0173240 801 0$aIT$bsalbc$gISBD 912 $a990001016790203316 951 $aVARIE 268$b97333 LM$cVARIE 959 $aBK 969 $aUMA 979 $aPATTY$b90$c20020305$lUSA01$h1648 979 $c20020403$lUSA01$h1743 979 $aPATRY$b90$c20040406$lUSA01$h1710 996 $aStemmi nelle scritture dell'Archivio di Stato di Napoli$9974060 997 $aUNISA LEADER 03980 am 2200673 n 450 001 9910495952703321 005 20240104030453.0 010 $a2-7535-6037-4 024 7 $a10.4000/books.pur.88333 035 $a(CKB)4100000008351113 035 $a(FrMaCLE)OB-pur-88333 035 $a(PPN)236940589 035 $a(EXLCZ)994100000008351113 100 $a20190603j|||||||| ||| 0 101 0 $afre 135 $auu||||||m|||| 200 00$aCesare Beccaria$eLa controverse pénale (XVIIIe-XXIe siècle)$fMichel Porret, Élisabeth Salvi 210 $aRennes$cPresses universitaires de Rennes$d2019 215 $a1 online resource (352 p.) 311 $a2-7535-4016-0 330 $aEn 1764, le Milanais Cesare Beccaria publie à Livourne (Grand-Duché de Toscane), son ouvrage qui le place au Panthéon de la modernité pénale : Dei delitti e delle pene/Des délits et des peines. L'empirisme de Locke, la modération de Montesquieu, le matérialisme d'Helvétius, l'esprit critique de l'Encyclopédie, l'égalitarisme de Rousseau : de fortes autorités philosophiques l'inspirent. En moins de cent pages, ce brûlot philosophique propose un nouveau paradigme pénal basé sur la modération des peines, leur utilité sociale et la sécularisation des crimes. Beccaria réclame la dépénalisation de l'homosexualité, alors réprimée comme un « crime contre nature ». Il estime que le suicide ne doit plus être poursuivi par la justice qui punit le pécheur révolté contre Dieu. Il juge que le vol résulte de l'inégale répartition des richesses. Il condamne la torture pour l'aveu du crime. Il veut remplacer les peines corporelles et flétrissantes par les travaux forcés et la prison correctrice. Il prône l'abolition de la peine de mort pour les crimes de droit commun. L'humanisme pénal de Beccaria n'a rien perdu de son actualité. Commenté dans toute l'Europe, mis à l'Index romain, fustigé par les juristes hostiles aux Lumières, loué par Voltaire, inspirant partiellement les législateurs révolutionnaires et le réformisme carcéral des philanthropes de la Restauration, critiqué ou loué par les juristes et les criminologues positivistes durant le long XIXe siècle, l'ouvrage de Beccaria suscite une controverse pénale, bien vivante aujourd'hui en Chine ou dans le droit pénal européen et international. Ce livre signé par 25 spécialistes européens et américains revient sur le « moment Beccaria » qui depuis 250 ans nourrit cette controverse autour du droit de punir avec son impact politique sur la démocratie. 606 $aHistory 606 $aLaw (General) 606 $aDes délits et des peines 606 $acontroverse 615 4$aHistory 615 4$aLaw (General) 615 4$aDes délits et des peines 615 4$acontroverse 700 $aAudegean$b Philippe$0480490 701 $aBart$b Jean$0247971 701 $aBernard$b Diane$0753501 701 $aBessler$b John D$01152786 701 $aBurkardt$b Albrecht$0502705 701 $aButtex$b Lucie$01457627 701 $aCartuyvels$b Yves$0603756 701 $aChamps$b Emmanuelle de$01457628 701 $aFerrand$b Jérôme$01297430 701 $aFyson$b Donald$01296234 701 $aHigelin$b Audrey$01457629 701 $aIppolito$b Dario$0602283 701 $aLuzzi$b Serena$0490586 701 $aMilliot$b Vincent$01280569 701 $aPorret$b Michel$0169499 701 $aRenneville$b Marc$0945384 701 $aRoth$b Robert$0108329 701 $aRoza$b Stéphanie$01285810 701 $aSalvi$b Élisabeth$01366978 701 $aScalia$b Damien$0514632 701 $aSizaire$b Vincent$0740817 701 $aStronati$b Monica$0505591 701 $aTavilla$b Elio$0293676 701 $aZerouki-Cottin$b Djoheur$01457630 701 $aZhang$b Ning$0991432 801 0$bFR-FrMaCLE 906 $aBOOK 912 $a9910495952703321 996 $aCesare Beccaria$93657999 997 $aUNINA LEADER 02639nam 2200373z- 450 001 9910511984403321 005 20250513224149.0 035 $a(CKB)5100000000152982 035 $a(MiAaPQ)EBC30686117 035 $a(BIP)21908438 035 $a(EXLCZ)995100000000152982 100 $a20211215c2002uuuu -u- - 101 0 $aeng 135 $aur||||||||||| 200 10$aInventar der offenen Befehle der sowjetischen Militäradministration des Landes Brandenburg $enach der Überlieferung im Staatsarchiv der Russischen Föderation /$fbearbeitet von Klaus Gessner und Wladimir W. Sacharow ; mit Unterstützung von Manfred Heinemann und Klaus Neitmann 210 $cPeter Lang International Academic Publishers 311 08$a3-631-39240-0 330 $aDie Publikation ist ein Gemeinschaftsprojekt des Lehrstuhls Geschichte der Milita?runiversita?t des Verteidigungsministeriums der Russischen Fo?deration (Moskau), des Zentrums fu?r Zeitgeschichte von Bildung und Wissenschaft der Universita?t Hannover und des Brandenburgischen Landeshauptarchivs (Potsdam). Erstmals wird hier ein U?berblick u?ber die im Staatsarchiv der Russischen Fo?deration in Moskau vorhandene Offene Serie der Befehle der Sowjetischen Milita?radministration des Landes Brandenburg - SMAB - gegeben. Einleitend erfolgen quellenkritische und institutionsgeschichtliche Untersuchungen zur Thematik. Den Hauptteil bildet das Inventar der von der Verwaltung der SMAB zwischen 1945 und 1949 erlassenen Offenen Befehle. Auf Interesse du?rfte ebenfalls die U?bersicht u?ber die von der SMAB erlassenen «Anweisungen» stoßen. 517 $aInventar der Offenen Befehle der Sowjetischen Militaeradministration des Landes Brandenburg 606 $aMilitary government$zGermany$zBrandenburg$xHistory$y20th century$xSources$vBibliography$vCatalogs 607 $aGermany$xHistory$y1945-1955$xSources$vBibliography$vCatalogs 607 $aBrandenburg (Germany : State)$xHistory$y20th century$xSources$vBibliography$vCatalogs 607 $aSoviet Union$xArmed Forces$zGermany$zBrandenburg$xHistory$xSources$vBibliography$vCatalogs 615 0$aMilitary government$xHistory$xSources 676 $a016.943/150874 700 $aGessner$b Klaus$01233397 701 $aHeinemann$b Manfred$0558612 701 $aNeitmann$b Klaus$01070988 701 $aZakharov$b V$g(Vladimir Vladimirovich)$01234705 712 02$aGosudarstvennyi? arkhiv Rossii?skoi? Federat?s?ii. 906 $aBOOK 912 $a9910511984403321 996 $aInventar der offenen Befehle der sowjetischen Milita?radministration des Landes Brandenburg$92868185 997 $aUNINA